Cuaderno - Dalex, Nicky Jam, Justin Quiles, Lenny Tavárez, Sech... - Estadísticas

Estadísticas generales
  • Esta prueba ha sido intentada 40 veces
  • La puntuación promedio es 527 de 712
Estadísticas de respuestas
Letra % Correcto
a
100%
comernos
100%
cuando
100%
cuándo
100%
Cuando
100%
de
100%
De
100%
Di
100%
Dime
100%
el
100%
él
100%
la
100%
lo
100%
Me
100%
me
100%
pa
100%
Pa
100%
que
100%
Que
100%
Qué
100%
ahora
90%
Cómo
90%
cómo
90%
como
90%
cuaderno
90%
en
90%
En
90%
es
90%
Es
90%
escribías
90%
esta
90%
estábamos
90%
estoy
90%
hacía
90%
high
90%
mi
90%
no
90%
No
90%
noche
90%
nombre
90%
o
90%
pienso
90%
recuerdo
90%
se
90%
90%
Se
90%
si
90%
Si
90%
90%
te
90%
Te
90%
ti
90%
tu
90%
90%
90%
vamos
90%
Vamos
90%
venías
90%
vernos
90%
Y
90%
y
90%
Yo
90%
yo
90%
carro
80%
con
80%
Desde
80%
día
80%
estás
80%
las
80%
le
80%
los
80%
más
80%
na
80%
olvidó
80%
andas
70%
Baby
70%
baby
70%
bobo
70%
buscándote
70%
casa
70%
cocina
70%
Corolla
70%
Dame
70%
dándote
70%
ese
70%
hacer
70%
llame
70%
mañana
70%
Mercedes
70%
mía
70%
olvida
70%
Parezco
70%
pasa
70%
picheas
70%
pide
70%
quieres
70%
Quiero
70%
quiero
70%
ratito
70%
serie
70%
sola
70%
toda
70%
un
70%
una
70%
Una
70%
vez
70%
al
60%
brasa
60%
cuernudo
60%
Después
60%
dice
60%
digo
60%
encima
60%
Encima
60%
escribo
60%
estos
60%
fracasa
60%
Google
60%
hacerte
60%
hora
60%
imaginas
60%
novio
60%
número
60%
otra
60%
Otra
60%
Piensa
60%
plan
60%
puede
60%
quede
60%
siempre
60%
Siempre
60%
su
60%
tenía
60%
termina
60%
tiene
60%
vaya
60%
voy
60%
vuelve
60%
ya
60%
yeah
60%
borren
50%
cama
50%
Contigo
50%
descuida
50%
dónde
50%
ex
50%
gente
50%
Hasta
50%
hasta
50%
hicimos
50%
jugando
50%
llamándome
50%
location
50%
nos
50%
noviecito
50%
pague
50%
repetir
50%
tengo
50%
traté
50%
trepas
50%
volvió
50%
acaso
40%
Acuérdate
40%
caer
40%
cambié
40%
dejo
40%
disciplina
40%
hay
40%
Hey
40%
Nunca
40%
nunca
40%
Otro
40%
Para
40%
planes
40%
pongo
40%
Por
40%
todos
40%
Todos
40%
Vendo
40%
Waze
40%
avísame
30%
cachos
30%
comía
30%
devora
30%
dio
30%
dosis
30%
enseñarte
30%
Fashion
30%
fue
30%
hice
30%
jacuzzi
30%
Old
30%
party
30%
ponemos
30%
Ponme
30%
poses
30%
problemas
30%
pussy
30%
sabe
30%
sabes
30%
Shorty
30%
todas
30%
tomamos
30%
tuyo
30%
veces
30%
alzheimer
20%
amigas
20%
Ay
20%
cena
20%
chimba
20%
colegio
20%
del
20%
dentro
20%
desayuno
20%
dices
20%
driveway
20%
escena
20%
gato
20%
Justin
20%
llamo
20%
mami
20%
Mami
20%
menos
20%
mismo
20%
pero
20%
ponía
20%
Quería
20%
Quiles
20%
quité
20%
repetirlo
20%
soy
20%
sus
20%
tus
20%
Tus
20%
vas
20%
aceptarlo
10%
anoté
10%
batía
10%
caption
10%
caras
10%
cuerpo
10%
decirlo
10%
Deja
10%
demoras
10%
discoteca
10%
disminuirlo
10%
escondernos
10%
estar
10%
estuve
10%
facetime
10%
falló
10%
favoritas
10%
fecas
10%
Fui
10%
fui
10%
guayó
10%
hacerlo
10%
maizena
10%
metiendo
10%
nueve
10%
oírlo
10%
parque
10%
pichar
10%
poder
10%
revés
10%
saqué
10%
seis
10%
sentirlo
10%
Suave
10%
subes
10%
tenemos
10%
tienes
10%
tocabas
10%
trépate
10%
trucos
10%
vivirlo
10%
bumper
0%
cabe
0%
entro
0%
jumper
0%
Pabón
0%
Rafa
0%
sniper
0%
tres
0%
No se encontraron pruebas coincidentes
Distribución de puntuación
Porcentaje de gente con cada puntuación
Porcentaje por número respondido
Historial de tus puntuaciones
No has intentado esta prueba.